| 000 | 00407nam a2200145Ia 4500 | ||
|---|---|---|---|
| 999 |
_c13019 _d13019 |
||
| 082 | _aTM.0142 | ||
| 100 | _aMichie, Aruna Nayyar | ||
| 245 | 0 | _aEconomic change and political behaviour in rural India | |
| 260 |
_c1975 _bMichigan State University |
||
| 300 | _a261p. | ||
| 650 | _aRAJASTHAN - RURAL CONDITIONS | ||
| 650 | _aRAJASTHAN - POLITICS AND GOVERNMENT | ||
| 710 | _aIqbal Narain | ||
| 942 |
_cTH _2ddc |
||